| 000 | 00366nam a2200145Ia 4500 | ||
|---|---|---|---|
| 008 | 150301s2013 xx 000 0 und d | ||
| 082 |
_a612.015 _bR13V |
||
| 100 | _aVASUDEVAN, D.M. | ||
| 245 | _aREVISION EXERCISE : BASED ON TB. OF BIOCHEMISTRY | ||
| 250 | _a7TH | ||
| 260 |
_bJAYPEE _aDELHI _c2013 |
||
| 300 | _a266 | ||
| 650 | _aBIOCHEMISTRY | ||
| 942 |
_2ddc _cBK _035 |
||
| 999 |
_c6608 _d6608 |
||